00000000nam 2200000zi 4500
0019.922237
003CaOODSP
00520230503150058
006m     o  d f      
007cr |n|||||||||
008230503e201706##oncd    o    f|0| 0 fre d
040 |aCaOODSP|bfre|erda|cCaOODSP
043 |an-cn---
0861 |aIu64-205/2017F-PDF
24500|aLignes directrices concernant la filtration externe pour les systèmes radio mobiles terrestres.
264 1|aOttawa : |bInnovation, Sciences et Développement économique Canada = Innovation, Science and Economic Development Canada, |cjuin 2017.
300 |a1 ressource en ligne (iii, 10 pages) : |bgraphiques
336 |atexte|btxt|2rdacontent/fre
337 |ainformatique|bc|2rdamedia/fre
338 |aressource en ligne|bcr|2rdacarrier/fre
500 |aPublié aussi en anglais sous le titre : Guidelines on external filtering forland mobile radio systems.
500 |aÉdition numérisée de l'imprimé [par Innovation, Sciences et Développement économique Canada].
520 |a« L'analyse du brouillage des sites du service mobile terrestre fait depuis longtemps partie des activités de délivrance de licences d'Innovation, Sciences et Développement économique Canada (ISDE ou le Ministère). Des changements récents au programme de gestion du spectre du Ministère ont entraîné des modifications de l'approche d'ISDE en matière de gestion des fréquences pour le service mobile terrestre. L'approche d'ISDE en ce qui concerne l'analyse de la compatibilité des fréquences pendant le processus d'autorisation et la résolution des problèmes de brouillage sur les sites multicanaux du service mobile terrestre a donc changé. Les présentes lignes directrices fournissent aux requérants et titulaires de licence des indications sur la manière dont le Ministère traite les demandes de licence relatives aux radios mobiles terrestres ainsi que les analyses techniques et les enquêtes sur les brouillages qui s'y rattachent »--page 1.
650 6|aStations mobiles (Radio)|zCanada.
650 6|aRadio|xBrouillage.
650 6|aFiltres radioélectriques.
7101 |aCanada. |bInnovation, sciences et développement économique Canada, |eorganisme de publication.
77508|tGuidelines on external filtering for land mobile radio systems.|w(CaOODSP)9.893120
85640|qPDF|s226 Ko|uhttps://publications.gc.ca/collections/collection_2023/isde-ised/iu64/Iu64-205-2017-fra.pdf